| 000 | 00855cab a22001935a 4500 | ||
|---|---|---|---|
| 001 | L142990 | ||
| 008 | 080117s2008 xxkad f s 000 0 eng d | ||
| 035 | _a(Sirsi) u142990 | ||
| 041 | 0 | _aeng | |
| 100 | 1 | _aPatterson, Alan | |
| 245 | 0 | 0 | _aWhere now for the UK quoted property sector? |
| 260 | _c2008 | ||
| 490 | 0 |
_aProperty Forecast _v11(2) February 2008, 2-3(2) |
|
| 520 | _aReports that the US subprime mortgage crisis caused the rapidest recorded fall in the UK commercial property index. Suggests the reasons the crisis spread to the UK market, and then into commercial and residential values, so fast are not clear. Asseses whether or not the sector has become so devalued that it represents a good investment. | ||
| 590 | _aKA | ||
| 651 | 4 |
_aUnited Kingdom _y |
|
| 690 | _aPROPERTY-COMMERCIAL PROPERTY-COMMERCIAL PROPERTY MARKET | ||
| 942 | _n0 | ||
| 999 |
_c79999 _d79999 |
||